Digital SLR cameras & photography for dummies / (Record no. 18721)

MARC details
000 -LEADER
fixed length control field 01077cam a2200325 i 4500
005 - DATE AND TIME OF LATEST TRANSACTION
control field 20230613085924.0
008 - FIXED-LENGTH DATA ELEMENTS--GENERAL INFORMATION
fixed length control field 140509s2014 inua 001 0 eng
010 ## - LIBRARY OF CONGRESS CONTROL NUMBER
LC control number 2014940493
020 ## - INTERNATIONAL STANDARD BOOK NUMBER
ISBN 9781118951293 (pbk. : alk. paper)
040 ## - CATALOGING SOURCE
Original cataloging agency DLC
Language of cataloging eng
Description conventions rda
Transcribing agency DLC
042 ## - AUTHENTICATION CODE
Authentication code pcc
082 00 - DEWEY DECIMAL CLASSIFICATION NUMBER
Classification number 771.32
Edition number 23
Item number BUS-D
100 1# - MAIN ENTRY--AUTHOR
Author Name Busch, David D.,
245 10 - TITLE STATEMENT
Title Digital SLR cameras & photography for dummies /
Statement of responsibility, etc. by David D Busch.
250 ## - EDITION STATEMENT
Edition statement 5th edition.
260 ## - PUBLICATION, DISTRIBUTION, ETC.
Place of Publication USA
Name of publisher, distributor, etc. Bush
Date of publication, distribution, etc. 2014
300 ## - PHYSICAL DESCRIPTION
Pages xiv, 331 pages :
336 ## - CONTENT TYPE
Content type term text
Source rdacontent
337 ## - MEDIA TYPE
Media type term unmediated
Source rdamedia
338 ## - CARRIER TYPE
Carrier type term volume
Source rdacarrier
490 0# - SERIES STATEMENT
Series Statement Making everything easier!
500 ## - GENERAL NOTE
General note Includes index.
650 #0 - SUBJECT ADDED ENTRY--TOPICAL TERM
Subject / Department Photography
General subdivision Digital techniques.
650 #0 - SUBJECT ADDED ENTRY--TOPICAL TERM
Subject / Department Single-lens reflex cameras.
246 30 - VARYING FORM OF TITLE
Title proper/short title Digital SLR cameras and photography for dummies
264 #1 - PRODUCTION, PUBLICATION, DISTRIBUTION, MANUFACTURE, AND COPYRIGHT NOTICE
Place of production, publication, distribution, manufacture Hoboken, NJ :
Name of producer, publisher, distributor, manufacturer John Wiley and Sons,
Date of production, publication, distribution, manufacture, or copyright notice [2014]
300 ## - PHYSICAL DESCRIPTION
-- color illustrations ;
-- 23 cm.
906 ## - LOCAL DATA ELEMENT F, LDF (RLIN)
a 7
b cbc
c orignew
d 2
e epcn
f 20
g y-gencatlg
952 ## - LOCATION AND ITEM INFORMATION (KOHA)
-- 0
-- 0
952 ## - LOCATION AND ITEM INFORMATION (KOHA)
-- 0
-- 0
952 ## - LOCATION AND ITEM INFORMATION (KOHA)
-- 0
-- 0
952 ## - LOCATION AND ITEM INFORMATION (KOHA)
-- 0
-- 0
952 ## - LOCATION AND ITEM INFORMATION (KOHA)
-- 0
-- 0
Holdings
Lost status Damaged status Collection code Permanent Location Current Location Shelving Location Date acquired Full Call Number Accession No./Barcode Date last seen Copy number item type Koha item type
    CS/IT Superior Information Resource Center (SIRC) Superior University- Gold Campus Superior Information Resource Center (SIRC) Superior University- Gold Campus Photography 06/13/2023 771.32 BUS-D 2014 19301 06/13/2023 1 BOOK BOOK
    CS/IT Superior Information Resource Center (SIRC) Superior University- Gold Campus Superior Information Resource Center (SIRC) Superior University- Gold Campus Photography 09/01/2023 771.32 BUS-D 2014 19756 09/01/2023 2 BOOK BOOK
    CS/IT Superior Information Resource Center (SIRC) Superior University- Gold Campus Superior Information Resource Center (SIRC) Superior University- Gold Campus Photography 08/05/2024 771.32 BUS-D 2014 19076 08/05/2024 3 BOOK BOOK
    CS/IT Superior Information Resource Center (SIRC) Superior University- Gold Campus Superior Information Resource Center (SIRC) Superior University- Gold Campus Photography 08/07/2024 771.32 BUS-D 2014 16602 08/07/2024 4 BOOK BOOK
    CS/IT Superior Information Resource Center (SIRC) Superior University- Gold Campus Superior Information Resource Center (SIRC) Superior University- Gold Campus Photography 08/07/2024 771.32 BUS-D 2014 16603 08/07/2024 5 BOOK BOOK

Powered by Koha